At the sea floor café : (Record no. 201)

MARC details
000 -LEADER
fixed length control field 00938nam a22002897a 4500
001 - CONTROL NUMBER
control field 201
003 - CONTROL NUMBER IDENTIFIER
control field FISKH
005 - DATE AND TIME OF LATEST TRANSACTION
control field 20231211145402.0
008 - FIXED-LENGTH DATA ELEMENTS--GENERAL INFORMATION
fixed length control field 230303b cb ||||| |||| 00| 0 eng d
020 ## - INTERNATIONAL STANDARD BOOK NUMBER
International Standard Book Number 9781561455652
040 ## - CATALOGING SOURCE
Original cataloging agency DLC
Transcribing agency DLC
Modifying agency DLC
-- FISKH
Language of cataloging eng
042 ## - AUTHENTICATION CODE
Authentication code pcc
050 00 - LIBRARY OF CONGRESS CALL NUMBER
Classification number PS3602.U386
Item number A85 2011
082 00 - DEWEY DECIMAL CLASSIFICATION NUMBER
Classification number 811/.6
Edition number 22
100 1# - MAIN ENTRY--PERSONAL NAME
Personal name Bulion, Leslie,
Dates associated with a name 1958-
245 10 - TITLE STATEMENT
Title At the sea floor café :
Remainder of title odd ocean critter poems /
Statement of responsibility, etc. written by Leslie Bulion ; illustrated by Leslie Evans.
260 ## - PUBLICATION, DISTRIBUTION, ETC.
Place of publication, distribution, etc. Atlanta
Name of publisher, distributor, etc. Peachtree Publishers
Date of publication, distribution, etc. 2011
300 ## - PHYSICAL DESCRIPTION
Extent 45 p. :
Other physical details col. ill. ;
Dimensions 22 cm.
521 8# - TARGET AUDIENCE NOTE
Target audience note 1130 <br/><br/>
Source Lexile
650 #0 - SUBJECT ADDED ENTRY--TOPICAL TERM
Topical term or geographic name entry element Marine animals
Form subdivision Juvenile poetry.
650 #0 - SUBJECT ADDED ENTRY--TOPICAL TERM
Topical term or geographic name entry element Children's poetry, American.
650 #0 - SUBJECT ADDED ENTRY--TOPICAL TERM
Topical term or geographic name entry element Humorous poetry, American.
650 #0 - SUBJECT ADDED ENTRY--TOPICAL TERM
Topical term or geographic name entry element Marine sciences
Form subdivision Juvenile literature.
700 1# - ADDED ENTRY--PERSONAL NAME
Personal name Evans, Leslie,
Dates associated with a name 1953-
Relator term ill.
906 ## - LOCAL DATA ELEMENT F, LDF (RLIN)
a 7
b cbc
c orignew
d 1
e ecip
f 20
g y-gencatlg
942 ## - ADDED ENTRY ELEMENTS (KOHA)
Source of classification or shelving scheme Dewey Decimal Classification
Koha item type Books
Suppress in OPAC No
Holdings
Withdrawn status Lost status Source of classification or shelving scheme Damaged status Not for loan Collection Home library Current library Shelving location Date acquired Total Checkouts Full call number Barcode Date last seen Price effective from Koha item type
    Dewey Decimal Classification     Fiction Footprints International School Library Network Toul Kork Campus Footprints International School Library Network Toul Kork Campus   03/03/2023   BUL 811.6 PS3602.U386 FISTK00174 03/03/2023 03/03/2023 Books